000 00744nam a2200265Ia 4500
001 Para_5526
003 CHAP
008 220125s1931 xx 000 0 und d
010 _a203985
040 _cCHAP
090 _aPA FOLLETO 2841
100 _aBack, E. A.
_99300
245 _aThe silverfish as a pest of the household /
_c by E. A. Back
260 _aWashington :
_b Department of Agriculture
300 _a6 p.
440 _aEUA. Dep. of Agri. Farmers, bull.; 1665
_9170015
650 _aLepismatidae Plagas domésticas
_9170016
901 _aPA FOLLETO 2841
902 _aA
905 _a0000001931 WAS 0000000000 00
910 _a1931
942 _cPARA
942 _cPARA
_d1
999 _c203985
_d203985